Statistics for Top 10 Busiest Walmart in the United States

Click here to take the quiz!

General Stats

  • This quiz has been taken 13 times
  • The average score is 6 of 10

Answer Stats

HintAnswer% Correct
9, TexasDallas Walmart
100%
5, NevadaLas Vegas Walmart
92%
3, FloridaOrlando Walmart
83%
6, OklahomaOklahoma City Walmart
75%
8, TexasEl Paso Walmart
67%
4, FloridaJacksonville Walmart
67%
10, ArizonaTucson Walmart
58%
7, MissouriSpringfield Walmart
33%
1, FloridaDoral Walmart
0%
2, FloridaHialeah Gardens Walmart
0%

Score Distribution

Percentile by Number Answered

Percent of People with Each Score

Your Score History

You have not taken this quiz